Statistiques concernant Pays produisant le plus d'amandes

Cliquez ici pour prendre le quiz!

Statistiques générales

  • Ce quiz a été pris 55 fois
  • Le résultat moyen est 14 sur 20

Statistiques - réponses

1000 tonnespays% Correct
48Chine
92%
202Espagne
89%
75Italie
89%
113Maroc
89%
66Algérie
87%
9Portugal
85%
2003Etats-Unis
83%
29Grèce
83%
61Tunisie
83%
85Turquie
83%
34Libye
72%
148Iran
70%
22Pakistan
68%
73Australie
64%
32Liban
62%
9Israël
55%
89Syrie
55%
33Afghanistan
49%
32Chili
28%
27Ouzbékistan
21%

Distribution des résultats

Percentile par nombre de réponses

% des personnes avec chaque résultat

Votre développement - résultats

Vous n’avez pas pris ce quiz